|
|
|
|
| LEADER |
00000nab a2200000 4500 |
| 001 |
vtls011782755 |
| 003 |
SK-MaSNL |
| 005 |
20260318132456.0 |
| 008 |
181004|20181004xo |||| || ||00 0|hun |
| 015 |
|
|
|a SNBRB2018/10
|
| 038 |
|
|
|a DSZK
|
| 040 |
|
|
|a DSZK
|b slo
|c DSZK
|e rda
|
| 041 |
|
|
|a hun
|
| 043 |
|
|
|a e-xo---
|
| 044 |
|
|
|a xo
|c SK
|
| 072 |
|
7 |
|a 373.5/.6
|x Stredné školy
|2 konspekt
|
| 072 |
|
7 |
|a 159.92
|x Vývinová psychológia. Psychológia osobnosti
|2 konspekt
|
| 080 |
|
|
|a 373.6:33
|x (=511.141)
|x (437.6)
|2 2011
|
| 080 |
|
|
|a 159.923.5
|2 2011
|
| 100 |
1 |
|
|a Papp, László
|4 aut
|9 325577
|
| 245 |
1 |
0 |
|a Kalandtúra a Pilisben
|c Papp László
|
| 300 |
|
|
|b Fotografie
|
| 336 |
|
|
|a text
|b txt
|2 rdacontent
|
| 337 |
|
|
|a bez média
|b n
|2 rdamedia
|
| 338 |
|
|
|a zväzok
|b nc
|2 rdacarrier
|
| 610 |
2 |
7 |
|a Obchodná akadémia (Veľký Meder, Slovensko)
|2 dszk
|9 981828
|
| 610 |
2 |
7 |
|a Medzinárodná cena vojvodu z Edinburghu - DofE (program)
|2 dszk
|9 472832
|
| 650 |
0 |
7 |
|a rozvojové programy a projekty
|2 SNKPH
|9 88184
|
| 650 |
0 |
7 |
|a sebavýchova
|2 SNKPH
|9 4290
|
| 650 |
0 |
7 |
|a dobrodružné expedície
|2 dszk
|9 1214701
|
| 651 |
|
7 |
|a Veľký Meder (Slovensko)
|2 SNKPHgeo
|9 19224
|
| 773 |
0 |
|
|t Új szó
|g Évf. 71, sz. 228 (2018.10.4), o. 16
|x 1335-7050
|
| 787 |
0 |
8 |
|i Pôvodne vydané v:
|t Csallóköz.
|g Évf. 58 (2018), o. 31
|
| 958 |
|
|
|a SK
|
| 958 |
|
|
|a HU
|
| 958 |
|
|
|a RG
|
| 999 |
|
|
|c 2127331
|d 2129261
|